000
00320nam a22001337a 4500
020
_a
978-9385998485
041
_a
ENG
100
_a
Ryaii,M.S
245
_a
Handling Transportation And Storage Of Fruits And VegetAbles Vol 2
260
_a
Delhi
_b
Avi
_c
2005
300
_a
610
650
_a
APE
856
_u
APE (03 )
999
_c
1738
_d
1738